Statistics for Indian 12 Days of Christmas

Click here to take the quiz!

General Stats

  • This quiz has been taken 5 times
  • The average score is 6 of 12

Answer Stats

HintAnswer% Correct
6Six IT graduates
100%
1A totally insufficient dowry
50%
8Eight bollywood films
50%
11Eleven syllable name
50%
5Five indian games
50%
9Nine telemarketers
50%
7Seven-11 workers
50%
10Ten minute yoga
50%
3Three butter chickens
50%
12Twelve cricket ball tamperers
50%
2Two nosy In-laws
50%
4Four hare krishnas
0%

Score Distribution

Percentile by Number Answered

Percent of People with Each Score

Your Score History

You have not taken this quiz